| 000 | 00771nam a22001817a 4500 | ||
|---|---|---|---|
| 999 |
_c60914 _d60914 |
||
| 005 | 20231117125151.0 | ||
| 008 | 231117s1961 ru ||||| |||| 00| 0 rus d | ||
| 041 | _arus | ||
| 080 | _a904(37+38) З-67 | ||
| 100 |
_aЗлатковская, Т. Д. _920422 |
||
| 245 |
_aУ истоков европейской культуры : _b(Троя, Крит, Микены) / _cТ. Д. Златковская. |
||
| 264 |
_aМосква : _bИздательство Академии наук СССР, _c1961. |
||
| 300 |
_a167 с.: _bил. _c20 см. |
||
| 653 | _aარქეოლოგიური ძეგლები | ||
| 653 | _aძველი საბერძნეთი | ||
| 653 | _aეგეოსის კულტურა | ||
| 942 |
_2udc _cᲬᲘᲒᲜᲘ |
||